Anteproyecto arquitectónico de las instalaciones de reemplazo físico para el Hospital Bautista de Managua - Nicaragua
Presenta anteproyecto arquitectónico de las instalaciones de reemplazo físico para el Hospital Bautista de Managua, contiene aplicación de normas técnicas del marco jurídico normativo y los requerimientos de diseño arquitectónico para instalaciones hospitalarias a partir de la consideración...
| Main Authors: | , |
|---|---|
| Other Authors: | |
| Format: | Tesis Section = Libro |
| Language: | Undetermined Spanish |
| Published: |
Managua
UNI
2012
|
| Subjects: |
| LEADER | 01294nam a2200265Ia 4500 | ||
|---|---|---|---|
| 008 | 240830s9999 xx 000 0 und d | ||
| 040 | |a BIBLIOTECA-RUSB/ Mon 725.51 M539 | ||
| 041 | |a spa | ||
| 082 | |a Mon 725.51 M539 | ||
| 100 | 1 | |a Mendoza Ramírez, Julio Aníbal | |
| 100 | 1 | |b Gaitán Padilla, Marlon Alberto | |
| 245 | 1 | 0 | |a Anteproyecto arquitectónico de las instalaciones de reemplazo físico para el Hospital Bautista de Managua - Nicaragua |
| 260 | |a Managua |b UNI |c 2012 | ||
| 300 | |a 262 p. :il. | ||
| 500 | |a Contiene: anexos. | ||
| 502 | |a Tesis (Arquitecto) - UNI, 2012. | ||
| 520 | 3 | |a Presenta anteproyecto arquitectónico de las instalaciones de reemplazo físico para el Hospital Bautista de Managua, contiene aplicación de normas técnicas del marco jurídico normativo y los requerimientos de diseño arquitectónico para instalaciones hospitalarias a partir de la consideración de referencias análogas regulaciones nacionales e internacionales en la materia. | |
| 650 | 7 | |a EDIFICIOS PARA HOSPITALES | |
| 650 | 7 | |b HOSPITALES - MANTENIMIENTO Y REPARACION | |
| 650 | 7 | |c MODELOS ANÁLOGOS - HOSPITALES | |
| 650 | 7 | |d ARQUITECTURA - CONSERVACION Y RESTAURACION | |
| 700 | 1 | |a Tutor: |b Rosales Rivera, Benjamin | |
| 942 | |c BK |2 ddc | ||
| 991 | |a TESIS | ||
| 999 | |c 21258 | ||